[Event "IECC CL6-2011.12 email"]
[Site "IECC email"]
[Date "2011.11.16"]
[Round "?"]
[White "Zaccaria, Vincenzo"]
[Black "Csuhaj, Miklos"]
[Result "1/2-1/2"]
[WhiteElo "1286"]
[BlackElo "1368"]
[PlyCount "52"]
[EventDate "2011.??.??"]
[EventType "tourn (corr)"]
[EventRounds "4"]
[SourceTitle "Telechess CBM 165"]
[Source "ChessBase"]
[SourceDate "2015.03.11"]
[SourceVersion "1"]
[SourceVersionDate "2015.03.11"]
[SourceQuality "1"]
[WhiteTeam "Italy"]
[BlackTeam "Hungary"]
[WhiteTeamCountry "ITA"]
[BlackTeamCountry "HUN"]

1. e4 e5 2. Nf3 Nc6 3. Bb5 a6 4. Bxc6 dxc6 5. 0-0 Bg4 6. h3 h5 7. d3 Bxf3 8. Qxf3 Qd7 9. Nc3 Be7 10. b3 f6 11. Be3 0-0-0 12. Rad1 Bb4 13. Bd2 g5 14. Na4 Bxd2 15. Rxd2 Qe7 16. c4 Kb8 17. Rb1 b5 18. cxb5 cxb5 19. Nc3 c6 20. Qe3 Rd4 21. Ne2 Rd6 22. d4 Kb7 23. dxe5 Rxd2 24. Qxd2 fxe5 25. Rd1 Rh7 26. Qd6 Nf6 1/2-1/2

[Event "IECC CL6-2011.06 email"]
[Site "IECC email"]
[Date "2011.05.28"]
[Round "?"]
[White "Csuhaj, Miklos"]
[Black "D'Aragona, Vittoria"]
[Result "0-1"]
[WhiteElo "1354"]
[BlackElo "1431"]
[PlyCount "84"]
[EventDate "2011.??.??"]
[EventType "tourn (corr)"]
[EventRounds "4"]
[SourceTitle "Telechess CBM 145"]
[Source "Chessbase"]
[SourceDate "2011.11.11"]
[SourceVersion "1"]
[SourceVersionDate "2011.11.11"]
[SourceQuality "1"]
[WhiteTeam "Hungary"]
[BlackTeam "Italy"]
[WhiteTeamCountry "HUN"]
[BlackTeamCountry "ITA"]

1. d4 Nf6 2. c4 e6 3. Nf3 Be7 4. Nc3 0-0 5. e4 d5 6. Bd3 dxe4 7. Nxe4 Nc6 8. Be3 Nxe4 9. Bxe4 Nb4 10. a3 f5 11. Bd3 Nxd3+ 12. Qxd3 f4 13. Bd2 c5 14. 0-0-0 cxd4 15. Rhe1 Bd7 16. Re4 Bc5 17. Bxf4 Bc6 18. Rxd4 Bxd4 19. Qxd4 Bxf3 20. gxf3 Qh4 21. Bg3 Qxd4 22. Rxd4 Rxf3 23. Re4 Rc8 24. Kd2 Rd8+ 25. Ke2 Rfd3 26. Be5 Rd2+ 27. Ke1 h5 28. Bc3 R2d6 29. c5 Rc6 30. b4 Rd3 31. Re3 Rxe3+ 32. fxe3 g5 33. Bf6 g4 34. e4 Kf7 35. Be5 b6 36. Bd6 bxc5 37. Bxc5 Ra6 38. b5 Ra5 39. Kf2 e5 40. Kg3 Rxb5 41. Bxa7 Rb3+ 42. Kh4 Kg6 0-1

[Event "IECC CL5-2011.04 email"]
[Site "IECC email"]
[Date "2011.03.08"]
[Round "?"]
[White "Csuhaj, Miklos"]
[Black "Dunning, Stephen"]
[Result "0-1"]
[WhiteElo "1435"]
[BlackElo "1509"]
[PlyCount "52"]
[EventDate "2011.??.??"]
[EventType "tourn (corr)"]
[EventRounds "4"]
[SourceTitle "Telechess CBM 145"]
[Source "Chessbase"]
[SourceDate "2011.11.11"]
[SourceVersion "1"]
[SourceVersionDate "2011.11.11"]
[SourceQuality "1"]
[WhiteTeam "Hungary"]
[BlackTeam "England"]
[WhiteTeamCountry "HUN"]
[BlackTeamCountry "ENG"]

1. d4 d5 2. c4 c6 3. Nf3 Nf6 4. Nc3 dxc4 5. a4 Bf5 6. Ne5 Nbd7 7. Nxc4 Nb6 8. b3 Nxc4 9. bxc4 e5 10. e3 Bb4 11. Bb2 Qa5 12. Qb3 Ne4 13. Rc1 exd4 14. exd4 Rd8 15. f3 Nxc3 16. Bxc3 Bxc3+ 17. Qxc3 Qxc3+ 18. Rxc3 Rxd4 19. Be2 Kd7 20. Kf2 Rd8 21. Rd1 Rxd1 22. Bxd1 Kd6 23. c5+ Kd5 24. Bb3+ Kd4 25. Rc1 Rd7 26. Bc2 Be6 0-1

[Event "IECC CL5-2011.01 email"]
[Site "IECC email"]
[Date "2011.01.25"]
[Round "?"]
[White "Csuhaj, Miklos"]
[Black "Schwenger, Kurt"]
[Result "0-1"]
[WhiteElo "1449"]
[BlackElo "1499"]
[PlyCount "57"]
[EventDate "2011.??.??"]
[EventType "tourn (corr)"]
[EventRounds "4"]
[SourceTitle "Telechess CBM 145"]
[Source "Chessbase"]
[SourceDate "2011.11.11"]
[SourceVersion "1"]
[SourceVersionDate "2011.11.11"]
[SourceQuality "1"]
[WhiteTeam "Hungary"]
[BlackTeam "Germany"]
[WhiteTeamCountry "HUN"]
[BlackTeamCountry "GER"]

1. d4 Nf6 2. c4 e6 3. Nc3 Bb4 4. a3 Bxc3+ 5. bxc3 c5 6. Nf3 Nc6 7. d5 Ne7 8. Bg5 Qa5 9. Bxf6 gxf6 10. e4 Qxc3+ 11. Nd2 exd5 12. cxd5 d6 13. Bb5+ Kf8 14. 0-0 Rg8 15. Qc1 Qh3 16. g3 Rg6 17. Re1 Rh6 18. Nf1 Ng6 19. Ra2 Ne5 20. Be2 Ng4 21. Bxg4 Bxg4 22. Qf4 Ke7 23. f3 Bd7 24. Ne3 Rd8 25. Nf5+ Bxf5 26. exf5+ Kd7 27. Qa4+ Kc8 28. Re7 Qxf5 29. Qb3 0-1

[Event "IECC M1-2010.T089"]
[Site "IECC email"]
[Date "2010.11.21"]
[Round "?"]
[White "Csuhaj, Miklos"]
[Black "Kaiser, Mathew"]
[Result "1-0"]
[WhiteElo "1484"]
[BlackElo "1340"]
[PlyCount "31"]
[EventDate "2010.??.??"]
[EventType "match (corr)"]
[EventRounds "2"]
[SourceTitle "Corr 2013"]
[Source "ChessBase"]
[SourceDate "2012.11.12"]
[SourceVersion "1"]
[SourceVersionDate "2012.11.12"]
[SourceQuality "1"]
[WhiteTeam "US of America"]
[BlackTeam "Hungary"]
[WhiteTeamCountry "USA"]
[BlackTeamCountry "HUN"]

1. d4 d5 2. c4 c6 3. Nf3 Bf5 4. cxd5 cxd5 5. Nc3 Nf6 6. e3 Nbd7 7. Bd3 Bxd3 8. Qxd3 e6 9. 0-0 a6 10. Bd2 Bd6 11. Rfe1 Ng4 12. e4 f6 13. exd5 Rc8 14. Rxe6+ Kf7 15. Rxd6 Qc7 16. Bf4 1-0

[Event "IECC O-3215"]
[Site "IECC email"]
[Date "2010.08.31"]
[Round "?"]
[White "Katsantoulas, Thanasis"]
[Black "Csuhaj, Miklos"]
[Result "0-1"]
[WhiteElo "1511"]
[BlackElo "1500"]
[PlyCount "38"]
[EventDate "2010.??.??"]
[EventType "swiss (corr)"]
[EventRounds "2"]
[SourceTitle "Telechess CBM 149"]
[Source "ChessBase"]
[SourceDate "2012.07.17"]
[SourceVersion "1"]
[SourceVersionDate "2012.07.17"]
[SourceQuality "1"]
[WhiteTeam "Greece"]
[BlackTeam "Hungary"]
[WhiteTeamCountry "GRE"]
[BlackTeamCountry "HUN"]

1. d4 Nf6 2. c4 e6 3. Nf3 b6 4. g3 Bb7 5. Bg2 Be7 6. Nc3 Ne4 7. Bd2 d6 8. Qc2 Nxd2 9. Qxd2 0-0 10. e4 Nd7 11. 0-0 f5 12. exf5 Rxf5 13. Nh4 Bxg2 14. Kxg2 Bxh4 15. gxh4 Qxh4 16. Kh1 Rf3 17. Qe2 Raf8 18. Nd1 R8f6 19. Rc1 Rh6 0-1